00856nam a22001937a 450000500170000001000150001702000260003203500140005803700090007208200080008110000390008924500940012826000300022227001940025230000210044694200220046799900190048995201540050820240802142359.0 aENG-141150 c350.00a9789391399726 aEN-124682 bDBAD a280 aMathias, Bishop Gerald John969317 aGleanings:bMorality, Synodality, Sprituality Magisterium/cBy Bishop Gerald John Mathias aBengalurubATC Publishers bBengaluruaSt Mary's Block, Archdiocean Pastoral Centre No 5, Nandidunga Road, Benson Town Jayamahal Extensione560046k+91-80-25191999k7090100444k+91-80-25192999madmin@atcpublishers.com a247p.c21cm(pbk) 2ddccENh280mMAT c204748d204748 001040708NFICaBL4bBL4d2024-08-02eDelivery of Books Act Divisiong350.00l0o280 MATpEN-124682r2024-08-02 00:00:00t1v350.00w2024-08-02yEN